<?xml version="1.0" encoding="UTF-8"?>
<collection xmlns="http://www.loc.gov/MARC21/slim">
 <record>
  <leader>00654cam a2200193 7i4500</leader>
  <controlfield tag="001">0000050069</controlfield>
  <controlfield tag="005">20060917090000.0</controlfield>
  <datafield tag="020" ind1="#" ind2="0">
   <subfield code="a">0582720109 </subfield>
  </datafield>
  <datafield tag="090" ind1="0" ind2="0">
   <subfield code="a">QL 556 M4 </subfield>
   <subfield code="b">F5 1983</subfield>
  </datafield>
  <datafield tag="100" ind1="1" ind2="#">
   <subfield code="a">Fleming </subfield>
  </datafield>
  <datafield tag="245" ind1="1" ind2="0">
   <subfield code="a">Butterflies of West Malaysia and Singapore  </subfield>
   <subfield code="c">W.A. Fleming.</subfield>
  </datafield>
  <datafield tag="250" ind1="#" ind2="#">
   <subfield code="a">2nd ed..</subfield>
  </datafield>
  <datafield tag="260" ind1="#" ind2="#">
   <subfield code="a">Kuala Lumpur: </subfield>
   <subfield code="b">Longmans, </subfield>
   <subfield code="c">1983.</subfield>
  </datafield>
  <datafield tag="300" ind1="#" ind2="#">
   <subfield code="a">x, 148 p.: </subfield>
   <subfield code="b">ill.; </subfield>
   <subfield code="c">25 cm..</subfield>
  </datafield>
  <datafield tag="650" ind1="0" ind2="0">
   <subfield code="a">Butterflies -- </subfield>
   <subfield code="x">Identification -- </subfield>
   <subfield code="z">Singapore </subfield>
  </datafield>
  <datafield tag="650" ind1="0" ind2="0">
   <subfield code="a">Insects -- </subfield>
   <subfield code="z">Singapore </subfield>
  </datafield>
  <datafield tag="650" ind1="0" ind2="0">
   <subfield code="a">Butterflies -- </subfield>
   <subfield code="x">Pictorial works </subfield>
  </datafield>
  <datafield tag="650" ind1="0" ind2="0">
   <subfield code="a">Butterflies -- </subfield>
   <subfield code="x">Identification -- </subfield>
   <subfield code="z">Malaysia -- </subfield>
   <subfield code="z">Malaya </subfield>
  </datafield>
  <datafield tag="999" ind1=" " ind2=" ">
   <subfield code="a">1100042857</subfield>
   <subfield code="b">Book</subfield>
   <subfield code="c">Open Shelf</subfield>
   <subfield code="e">KOLEKSI TERBUKA</subfield>
  </datafield>
 </record>
</collection>
